| 000 | 00720nam a22002057a 4500 | ||
|---|---|---|---|
| 003 | BUBTL | ||
| 008 | 170713b xxu||||| |||| 00| 0 eng d | ||
| 082 |
_a174.4 _bF3837b |
||
| 100 |
_aFerrell, O. C. _9196 |
||
| 245 |
_aBusiness Ethics /Ethical Decision Making and Cases _bO. C. Ferrell, John Fraedrich and Linda Ferrell |
||
| 250 | _a6th | ||
| 260 |
_aNew Delhi - _bHoughton Mifflin _cc2006 |
||
| 300 |
_axx. 461p. ; _bill. : table, grphic, ; 21 cm. _cManagement |
||
| 500 | _aIncludes Index. | ||
| 650 | 0 |
_91262 _aBusiness Ethics / |
|
| 700 |
_9196 _aFerrell, O. C. |
||
| 856 |
_k0 _l0 _yDownload |
||
| 942 |
_2ddc _cBK _e6th _h174.4 _kf3837b |
||
| 999 |
_c5480 _d5480 |
||